000 00364nam a22001457a 4500
999 _c193666
_d193666
008 221107b ||||| |||| 00| 0 eng d
082 _a500-SAR
100 _aSUNDER,SARUKKAI
245 _a.
_b.
_c12X13
260 _aNEW DELHI
_bA.I.C.B
_cROHINI
270 _aA.I.C.B ,ROHINI NEW DELHI
300 _a.
_b.
_c12X13
490 _v1-4
942 _2ddc
_cBRLEN
_k500
_mSAR